LEADER 04839nam 22006975 450 001 9910157472103321 005 20250306123737.0 010 $a9783319496764 010 $a331949676X 024 7 $a10.1007/978-3-319-49676-4 035 $a(CKB)3710000001001451 035 $a(DE-He213)978-3-319-49676-4 035 $a(MiAaPQ)EBC4774360 035 $a(PPN)197455980 035 $a(EXLCZ)993710000001001451 100 $a20161230d2017 u| 0 101 0 $aeng 135 $aurnn|008mamaa 181 $ctxt$2rdacontent 182 $cc$2rdamedia 183 $acr$2rdacarrier 200 10$aAppraisal: From Theory to Practice $eResults of SIEV 2015 /$fedited by Stefano Stanghellini, Pierluigi Morano, Marta Bottero, Alessandra Oppio 205 $a1st ed. 2017. 210 1$aCham :$cSpringer International Publishing :$cImprint: Springer,$d2017. 215 $a1 online resource (XXVI, 326 p. 65 illus.) 225 1 $aGreen Energy and Technology,$x1865-3537 311 08$a9783319496757 311 08$a3319496751 320 $aIncludes bibliographical references at the end of each chapters. 327 $aAppraisal of Manufacturing Buildings through the Depreciated Replacement Cost Approach -- Do Real Estate Cycles Exist and, If So, Are They Predictable? -- The Mass Appraisal Tool: Application of a Pluri-parametric Model for the Appraisal of Real Properties -- New Bottom-Up Approaches to Enhance Public Real/Estate Property -- A Strategic Environmental Assessment of a Possible Direct Road Connection between Veneto Region and Central Europe -- An Integrated Model for Ex-Ante Evaluation of Flood Damage to Residential Building -- Forms and Functions of the Real Estate Market of Palermo. Science and Knowledge in the Cluster Analysis Approach -- The Value of Intellectual Capital in Shipping Companies -- Compensation for Land/Property Owners Hosting a Wind Farm. The Italian Case -- Valuing the impact of social housing renovation programs: an application of the Social Return On Investment (SROI) -- Decision support methods for public-privatepartnerships: an application to the territorial context of the Apulia Region (Italy) -- Gaps and overlaps of urban housing sub-market: hard clustering and fuzzy clustering approaches -- Designing adaptive reuse strategies for cultural heritage with Choice Experiments. . 330 $aThis book documents the state of the art and the emerging operational perspectives in the field of the appraisal discipline. It covers a wide range of topics, including energy efficiency, environmental sustainability, socio-economic evaluation of regional and urban transformations, real estate and facility management, risk management. It also discusses the potential role of appraisal in minimising unexpected consequences; the role of evaluators in urban development projects as well as the contribution of several methodologies with respect to the overall planning and design processes; the need to manage the complexity of the current decision contexts, while at the same time promoting efficient and effective evaluation processes; improving the quality of discussion and communication of the outcomes of evaluation processes; as well as the appropriateness of current regulation and policy regimes (EU, national, regional etc.). It comprises a selection of thebest papers presented at the SIEV 2015 conference "Appraisal: Current Issues and Problems", which was held in Bari, Italy, in July 2015, and brought together architects, engineers, urban planners, decision-makers and government representatives. 410 0$aGreen Energy and Technology,$x1865-3537 606 $aSociology, Urban 606 $aConstruction industry$xManagement 606 $aIndustrial management 606 $aReal estate management 606 $aManagement 606 $aUrban Sociology 606 $aConstruction Management 606 $aIndustrial Management 606 $aReal Estate Management 606 $aManagement 615 0$aSociology, Urban. 615 0$aConstruction industry$xManagement. 615 0$aIndustrial management. 615 0$aReal estate management. 615 0$aManagement. 615 14$aUrban Sociology. 615 24$aConstruction Management. 615 24$aIndustrial Management. 615 24$aReal Estate Management. 615 24$aManagement. 676 $a307.76 702 $aStanghellini$b Stefano$4edt$4http://id.loc.gov/vocabulary/relators/edt 702 $aMorano$b Pierluigi$4edt$4http://id.loc.gov/vocabulary/relators/edt 702 $aBottero$b Marta$4edt$4http://id.loc.gov/vocabulary/relators/edt 702 $aOppio$b Alessandra$4edt$4http://id.loc.gov/vocabulary/relators/edt 906 $aBOOK 912 $a9910157472103321 996 $aAppraisal: From Theory to Practice$92075352 997 $aUNINA